La organización espontánea de la economía / (Registro nro. 6714)

Detalles MARC
000 -LEADER
fixed length control field 01062nam a2200289Ia 4500
003 - CONTROL NUMBER IDENTIFIER
control field OSt
005 - DATE AND TIME OF LATEST TRANSACTION
control field 20200609162138.0
008 - FIXED-LENGTH DATA ELEMENTS--GENERAL INFORMATION
fixed length control field 191128s1996 sp ad gr 000 0dspa d
020 ## - INTERNATIONAL STANDARD BOOK NUMBER
International Standard Book Number 8485855817
040 ## - CATALOGING SOURCE
Original cataloging agency CO-JMCR
Transcribing agency CO-JMCR
041 1# - LANGUAGE CODE
Language code of text/sound track or separate title spa
Language code of original eng
082 04 - DEWEY DECIMAL CLASSIFICATION NUMBER
Classification number 330.12 /
Item number K783o
Edition number 23
100 1# - MAIN ENTRY--PERSONAL NAME
Personal name Krugman, Paul,
Relator term autor
9 (RLIN) 825
245 10 - TITLE STATEMENT
Title La organización espontánea de la economía /
Statement of responsibility, etc. Paul Krugman ; traducción de Mónica Martín
260 ## - PUBLICATION, DISTRIBUTION, ETC.
Place of publication, distribution, etc. Barcelona :
Name of publisher, distributor, etc. Antoni Bosch,
Date of publication, distribution, etc. 1996
300 ## - PHYSICAL DESCRIPTION
Extent viii, 167 páginas :
Other physical details gráficos en blanco y negro ;
Dimensions 22 cm.
500 ## - GENERAL NOTE
General note Incluye índice analítico páginas 163-167.
504 ## - BIBLIOGRAPHY, ETC. NOTE
Bibliography, etc. note Bibliografía: páginas 159-161.
505 ## - FORMATTED CONTENTS NOTE
Formatted contents note Embriones, terremotos y ciencias económicas -- Autoorganziación en el tiempo y en el espacio
534 ## - ORIGINAL VERSION NOTE
Introductory phrase The self-organizing economy
546 ## - LANGUAGE NOTE
Language note Traducido del inglés
650 14 - SUBJECT ADDED ENTRY--TOPICAL TERM
Topical term or geographic name entry element Modelos económicos
9 (RLIN) 5271
650 24 - SUBJECT ADDED ENTRY--TOPICAL TERM
Topical term or geographic name entry element Sistemas de control
9 (RLIN) 5272
650 24 - SUBJECT ADDED ENTRY--TOPICAL TERM
Topical term or geographic name entry element Sistemas complejos
9 (RLIN) 5273
700 1# - ADDED ENTRY--PERSONAL NAME
Personal name Martín, Mónica,
Relator term traductora
9 (RLIN) 5274
942 ## - ADDED ENTRY ELEMENTS (KOHA)
Source of classification or shelving scheme Dewey Decimal Classification
Koha item type Books
Existencias
Withdrawn status Lost status Source of classification or shelving scheme Damaged status Not for loan Home library Current library Shelving location Date acquired Source of acquisition Cost, normal purchase price Total Checkouts Full call number Barcode Date last seen Copy number Price effective from Koha item type
    Dewey Decimal Classification     Biblioteca Pública José María del Castillo y Rada Biblioteca Pública José María del Castillo y Rada General Stacks 04/15/2018 Donación 0.00   330.12 / K783o 430001973 05/16/2024 Ej.1 06/09/2020 Books